Μελέτη συγκεντρώσεων βαρέων μετάλλων σε εγκέφαλο και ήπαρ παρυδάτιων χηνόμορφων πτηνών από το δέλτα του Έβρου : μεταπτυχιακή διπλωματική εργασία
Σκοπός της παρούσας διπλωματικής εργασίας είναι η μελέτη και η ανάλυση συγκεντρώσεων έξι βαρέων μετάλλων (Cd, Cr, Cu, Mn, Pb, Zn) σε εγκεφάλους και ήπατα παρυδάτιων, μεταναστευτικών πτηνών στην Ελλάδα, προκειμένου τα είδη αυτά να χρησιμοποιηθούν ως βιοδείκτες περιβαλλοντικής επιβάρυνσης. Εξήντα τέσσ...
Αποθηκεύτηκε σε:
| Κύριος συγγραφέας: | |
|---|---|
| Συγγραφή απο Οργανισμό/Αρχή: | |
| Μορφή: | Thesis Βιβλίο |
| Γλώσσα: | Greek |
| Δημοσίευση: |
2014.
|
| Θέματα: | |
| Διαθέσιμο Online: | http://hdl.handle.net/11610/14799 |
| Ετικέτες: |
Προσθήκη ετικέτας
Δεν υπάρχουν, Καταχωρήστε ετικέτα πρώτοι!
|
MARC
| LEADER | 00000cam a2200000 a 4500 | ||
|---|---|---|---|
| 001 | 1/108008 | ||
| 008 | 150820s2014####gr a ||| |||| ||gre|| | ||
| 040 | |a GR-MyUa |b gre |c GR-MyUa |e AACR2 | ||
| 041 | 0 | |a gre | |
| 082 | 7 | |a 598 |2 (23) | |
| 100 | 1 | |a Καραγιάννη, Ασημίνα. | |
| 245 | 1 | 0 | |a Μελέτη συγκεντρώσεων βαρέων μετάλλων σε εγκέφαλο και ήπαρ παρυδάτιων χηνόμορφων πτηνών από το δέλτα του Έβρου : |b μεταπτυχιακή διπλωματική εργασία / |c Καραγιάννη Ασημίνα ; Τ. Ακριώτης, επιβλέπων. |
| 260 | |c 2014. | ||
| 300 | |a 65 σ. : |b πίν. ; |c 30 εκ. | ||
| 500 | |a Τριμελής εξεταστική επιτροπή: Τ. Ακριώτης, επιβλέπων, Μ. Αλούπη, Α. Στασινάκης. | ||
| 502 | |a Διατριβή (μεταπτυχιακή) - Πανεπιστήμιο Αιγαίου, Λέσβος, 2014. | ||
| 504 | |a Περιλαμβάνει βιβλιογραφία και παράρτημα. | ||
| 506 | 1 | |a Ηλεκτρονική διάθεση στο πλήρες κείμενο – περιορισμένης πρόσβασης ; |d Ελεύθερη διάθεση μόνο στα μέλη του Πανεπιστημίου Αιγαίου. | |
| 520 | 8 | |a Σκοπός της παρούσας διπλωματικής εργασίας είναι η μελέτη και η ανάλυση συγκεντρώσεων έξι βαρέων μετάλλων (Cd, Cr, Cu, Mn, Pb, Zn) σε εγκεφάλους και ήπατα παρυδάτιων, μεταναστευτικών πτηνών στην Ελλάδα, προκειμένου τα είδη αυτά να χρησιμοποιηθούν ως βιοδείκτες περιβαλλοντικής επιβάρυνσης. Εξήντα τέσσερα δείγματα ήπατος και πενήντα δύο δείγματα εγκεφάλου, από εννέα είδη, συλλέχθηκαν τον Ιανουάριο και Φεβρουάριο του 2008 στο Δέλτα του Έβρου, το οποίο πρόκειται για έναν από τους σπουδαιότερους υγροβιότοπους της Ελλάδας. Ο συντελεστής συσχέτισης Spearman χρησιμοποιήθηκε για να εντοπιστεί πιθανή σχέση μεταξύ των έξι μετάλλων στον εγκέφαλο και στο ήπαρ, καθώς και οποιαδήποτε σχέση των μετάλλων μεταξύ των δύο ιστών. | |
| 650 | 0 | |a Rivers |z Greece |z Hevros. | |
| 650 | 0 | |a Birds |x Effect of heavy metals on. | |
| 650 | 0 | |a Heavy metals |x Physiological effect. | |
| 650 | 0 | |a Bird surveys |z Greece |z Hevros. | |
| 700 | 1 | |a Ακριώτης, Τριαντάφυλλος, |e dgs | |
| 710 | 2 | |a Πανεπιστήμιο Αιγαίου. |b Σχολή Κοινωνικών Επιστημών. |b Τμήμα Πολιτισμικής Τεχνολογίας και Επικοινωνίας. |b Πρόγραμμα Μεταπτυχιακών Σπουδών Πολιτισμική Πληροφορική και Επικοινωνία. | |
| 852 | |a INST |b LESVOS |c DIATR |e 20150820 |h 269 |p 005100056735 |q 005100056735 |t MTXE |y 23 | ||
| 852 | |a INST |b LESVOS |c DIATR |e 20150820 |h 270 |p 005100056736 |q 005100056736 |t MTXE |y 23 | ||
| 856 | |u http://hdl.handle.net/11610/14799 | ||
| 924 | |a Καραγιάννη |b Ασημίνα |y Λέσβος |z 2014-12 | ||
| 970 | |a Τζαφέρη |b Ευαγγελία |z 20-08-2015 | ||